| 000 | 00725nam a22002297a 4500 | ||
|---|---|---|---|
| 003 | 0 | ||
| 005 | 20250809140754.0 | ||
| 008 | 250809b xxu||||| |||| 00| 0 eng d | ||
| 020 | _a978-1-5296-7317-3 | ||
| 050 |
_aRT 89 _b.E55 2025 |
||
| 100 |
_aEllis, Peter, _eauthor. |
||
| 245 |
_aLeadership, management & team working in nursing / _cPeter Ellis. |
||
| 250 | _a5th ed. | ||
| 260 |
_aLondon : _bLearning Matters, A Sage Publishing Company, _c2025. |
||
| 300 |
_aix, 206 pages ; _c25 cm. |
||
| 504 | _aIncludes bibliographical references and index. | ||
| 650 |
_aNursing services _xAdministration. |
||
| 650 | _aLeadership. | ||
| 650 | _aNurse administrators. | ||
| 650 | _aTeams in the workplace. | ||
| 942 |
_2lcc _cBK |
||
| 999 |
_c367492 _d367492 |
||